000 00559nam a22001817a 4500
005 20140109154254.0
010 _aENG-109002
020 _a9788180389191
_c140.00
035 _aEN-92535
037 _bDBAD/PUB
082 _a340.1
100 _aAgnihotri, Anubhuti
245 _aIndian legal theory /
_cby Anubhuti Agnihotri
260 _aGurgaon
_bLexis Nexis
_c2013
270 _a14th floor, Building No 10, Tower-B, DLF Cyber City, Phase-ll,
_bGurgaon
_e122002
300 _aix,127p. :
_c22cm(pbk)
_bill.
942 _2ddc
_cEN
_mAGN
_h340.1
999 _c81462
_d81462